| 000 | 00847nam a2200217Ia 4500 | ||
|---|---|---|---|
| 003 | OSt | ||
| 005 | 20210413122545.0 | ||
| 008 | 210310s1997 ck adb gr 000 0 spa d | ||
| 040 |
_aCO-JMCR _cCO-JMCR |
||
| 041 | 0 | _aspa | |
| 082 | 0 | 4 |
_a911.861 / _bC718d _223 |
| 110 | 2 |
_aColombia. _bDepartamento Administrativo Nacional de Estadistica, DANE _910536 |
|
| 245 | 1 | 0 |
_aDivisión Político Administrativa de Colombia / _cDepartamento Administrativo Nacional de Estadistica, DANE |
| 260 |
_aBogotá : _bDepartamento De Planeación, _c1997. |
||
| 300 |
_b291 páginas : _ailustraciones y mapas en blanco y negro ; _c28 cm. |
||
| 505 | 0 | _aEntidades territoriales. | |
| 650 | 1 | 4 |
_aDivisión político administrativa. _xMunicipios _925687 |
| 650 | 2 | 4 |
_aDepartamentos. _xMunicipios _936766 |
| 650 | 2 | 4 |
_aDistribución geográfica _936767 |
| 942 |
_2ddc _cBK |
||
| 999 |
_c11496 _d11496 |
||